| 000 | 02867cam a22004694i 4500 | ||
|---|---|---|---|
| 003 | PE-LiUPU | ||
| 005 | 20250731173405.0 | ||
| 008 | 150706s r 000 0 d | ||
| 020 | _a9780825411304 | ||
| 035 | _a(Sirsi) i9780825411304 | ||
| 040 |
_aPE-LiUPU _bspa _cPE-LiUPU _erda |
||
| 049 | _aPRUA | ||
| 082 | 0 | 4 |
_a226.2 _bC26 _221 |
| 100 | 1 |
_aCarballosa, Elvis L., _eautor. |
|
| 245 | 1 | 0 |
_aMateo : _bla revelación de la realeza de Cristo,Mateo 1-14 / _cEvis L. Carballosa. |
| 264 | 1 |
_aMichigan : _bEditorial Portavoz, _c2007. |
|
| 300 |
_a524 páginas ; _c23 cm. |
||
| 336 |
_atext _2rdacontent |
||
| 337 |
_aunmediated _2rdamedia |
||
| 338 |
_avolume _2rdacarrier |
||
| 504 | _aIncluye bibliografía general . | ||
| 505 | 0 | _aEl evangelio según Mateo: Su origen y su mensaje -- Características del evangelio según Mateo -- Argumento del evangelio de Mateo -- Éxegesis y exposición -- La identidad de Jesús como Mesías -- El nacimiento sobrenatural de Jesús el Mesías -- Historia del nacimiento de Jesús -- El precursor de Jesús el Mesías -- La tentación de Jesús el Mesías -- El comienza del ministerio público de Jesús el Mesías -- El primer discurso de Jesús el Mesías -- Exposición del Sermón del Monte -- El Mesías, las Escrituras, y la verdadera justicia -- La práctica de la justicia y las relaciones personales -- La práctica de la justicia enseñada por Jesús el Mesías -- La práctica de la justicia y el juicio al prójimo -- La práctica dela justicia y el reconocimiento de la bondad de Dios -- Las advertencias finales del Sermón del Monte -- La autoridad de Jesús el Mesías (primera parte) -- La autoridad de Jesús el Mesías (segunda parte) -- El segundo discurso de Jesús: La proclamación de Jesús el Mesías -- El antagonismo contra Jesús el Mesías -- El antagonismo contra Jesús demostrado en la actitud de los fariseos -- El tercer discurso de Jesús el Mesías -- Señales de la oposición contra Jesús el Mesías -- Resumen y conclusión de Mateo capítulos 1 al 14. . | |
| 526 | _aSEG42 | ||
| 526 | _aSEG41 | ||
| 526 | _aSEG40 | ||
| 526 | _aSEG39 | ||
| 526 | _aP94 | ||
| 526 | _aP87 | ||
| 526 | _aP86 | ||
| 526 | _aP85 | ||
| 526 | _aP77 | ||
| 526 | _aP76 | ||
| 526 | _aP35 | ||
| 541 | _g001-001088; | ||
| 630 |
_aBiblia. _pN.T. _pMateo _xComentarios. |
||
| 910 |
_agl _bjv _cjck _d20110810 |
||
| 942 |
_2ddc _cBOOK |
||
| 949 |
_a226.2 C26 1 _wDEWEY _c1 _i63291 _lCCODEBUL1 _mBUL _p20.00 _r0 _sY _tBOOK _u2015-7-6 _xTEOLOGIA _PP35 _o.STAFF. Colección General |
||
| 994 |
_aC0 _bPEPRU |
||
| 596 | _a1 | ||
| 999 |
_a226.2 C26 1 _wDEWEY _c52291 _i63291 _d52291 _e2018-9-5 _f2021-11-9 _g5 _lCCODEBUL1 _mBUL _n6 _p20.00 _q13 _r0 _sY _tBOOK _u2015-7-6 _xTEOLOGIA _PP35 _0COMPRA _o.STAFF. Colección General |
||
| 980 |
_81 _gALBERTO SANCHEZ Responsable de Automatización |
||